One Piece – Guess the character - Statistics

General Stats
  • This quiz has been taken 620 times
  • The average score is 146 of 333
Answer Stats
Picture Answer % Correct
Monkey D. Luffy
99%
Roronoa Zoro
97%
Chopper
96%
Nami
96%
Vinsmoke Sanji
96%
Brook
95%
Franky
95%
Nico Robin
95%
Usopp
95%
Nefertari Vivi
93%
Jinbe
92%
Buggy
84%
Boa Hancock
83%
Dracule Mihawk
83%
Donquixote Doflamingo
82%
Sir Crocodile
82%
Trafalgar D. Water Law
82%
Bartholomew Kuma
81%
Gecko Moria
79%
Marshall D. Teach
78%
Foxy
77%
Perona
74%
Nefertari Cobra
73%
Alvida
70%
Sabo
69%
Bepo
68%
Monkey D. Dragon
68%
Eustass Kid
67%
Portgas D. Ace
66%
Smoker
66%
Vegapunk
66%
Koby
65%
Kuzan
65%
Marco
65%
Monkey D. Garp
65%
Shanks
65%
Arlong
64%
Emporio Ivankov
64%
Gol D. Roger
64%
Akainu
63%
Bellamy
63%
Edward Weevil
63%
Kaido
63%
Killer
63%
Rob Lucci
63%
Sengoku
63%
Charlotte Katakuri
62%
Enel
62%
Kizaru
62%
Oars
62%
Pell
62%
Charlotte Linlin
61%
Edward Newgate
61%
Imu
61%
Jewelry Bonney
61%
Kouzuki Oden
61%
Queen
61%
X Drake
61%
Yamato
61%
Yasopp
61%
Bartolomeo
60%
Carrot
60%
Fujitora
60%
King
60%
Laboon
60%
Silvers Rayleigh
60%
Zeff
60%
Charlotte Pudding
59%
Jesus Burgess
59%
Kaku
59%
Koala
59%
Little Oars Jr.
59%
Pica
59%
Sugar
59%
Vinsmoke Judge
59%
Basil Hawkins
58%
Capone Bege
58%
Helmeppo
58%
Tashigi
58%
Absalom
57%
Cavendish
57%
Charlotte Cracker
57%
Fisher Tiger
57%
Kuro
57%
Magellan
57%
Monet
57%
Brogy
56%
Don Krieg
56%
Dorry
56%
Jack
56%
Kinemon
56%
Rebecca
56%
Rocks D. Xebec
56%
Scratchmen Apoo
56%
Senor Pink
56%
Trebol
56%
Pedro
55%
Shirahoshi
55%
Vergo
55%
Wapol
55%
Baby 5
54%
Benn Beckman
54%
Iceburg
54%
Spandam
54%
Stussy
54%
Tom
54%
Charlotte Perospero
53%
Charlotte Smoothie
53%
Diamante
53%
Hody Jones
53%
Kalifa
53%
Kouzuki Momonosuke
53%
Loki
53%
Morgan
53%
Shiki
53%
Shimotsuki Ryuma
53%
Shiryu
53%
Vinsmoke Reiju
53%
Blueno
52%
Crocus
52%
Hogback
52%
Urouge
52%
Charlotte Oven
51%
Curly Dadan
51%
Gal Dino
51%
Jozu
51%
Leo
51%
Lucky Roux
51%
Saint Jaygarcia Saturn
51%
Uta
51%
Black Maria
50%
Kaya
50%
Laffitte
50%
Ulti
50%
Daz Bones
49%
Neptune
49%
Rosinante
49%
Sentomaru
49%
Zunesha
49%
Caribou
48%
Dr. Kureha
48%
Kuina
48%
Lao G
48%
Violet
48%
Who's-Who
48%
Clou D. Clover
47%
Doc Q
47%
Charlotte Brûlée
46%
Charlotte Lola
46%
Hatchan
46%
Hina
46%
Kurozumi Orochi
46%
Scopper Gaban
46%
Van Augur
46%
Vista
46%
Jango
45%
Kanjuro
45%
Montblanc Noland
45%
Vinsmoke Niji
45%
Gin
44%
Karoo
44%
Makino
44%
Nekomamushi
44%
Pandaman
44%
Saint Charlos
44%
San-Juan Wolf
44%
Caesar Clown
43%
Catarina Devon
43%
Dellinger
43%
Kurozumi Tama
43%
Kyros
43%
Morgans
43%
Paulie
43%
Pekoms
43%
Raizo
43%
Vinsmoke Yonji
43%
Bentham
42%
Boa Sandersonia
42%
Igaram
42%
Jabra
42%
Nojiko
42%
Tsuru
42%
Vasco Shot
42%
Vinsmoke Ichiji
42%
Boa Marigold
41%
Inazuma
41%
Page One
41%
Saint Marcus Mars
41%
Cabaji
40%
Hajrudin
40%
Inuarashi
40%
Kong
40%
Otohime
40%
Richie
40%
Sai
40%
Vander Decken
40%
Avalo Pizarro
39%
Buffalo
39%
Don Chinjao
39%
Gaimon
39%
Hack
39%
Kouzuki Hiyori
39%
Nico Olvia
39%
Saint Figarland Garling
39%
Karasu
38%
Kokoro
38%
Thatch
38%
Chaka
37%
Denjiro
37%
Izou
37%
Kawamatsu
37%
Kouzuki Toki
37%
Tamago
37%
Wyper
37%
Belo Betty
36%
Dr. Hiriluk
36%
Gan Fall
36%
Mohji
36%
Shakuyaku
36%
Charlotte Chiffon
35%
Charlotte Daifuku
35%
Fullbody
35%
Lilith
35%
Penguin
35%
Gloriosa
34%
Saint Shepherd Ju Peter
34%
Wanda
34%
York
34%
Aramaki
33%
Ideo
33%
Machvise
33%
Pappag
33%
Atlas
32%
Edison
32%
Ginny
32%
Hannyabal
32%
Miss Goldenweek
32%
Mont Blanc Cricket
32%
Orlumbus
32%
Saint Topman Warcury
32%
Sasaki
32%
Shinobu
32%
Vinsmoke Sora
32%
Ashura Doji
31%
Gladius
31%
Rockstar
31%
Emet
30%
John
30%
Mansherry
30%
Morley
30%
Shaka
30%
Carmel
29%
Kalgara
29%
Momonga
29%
Giolla
28%
Hyogoro
28%
Kikunojo
28%
Marguerite
28%
Pythagoras
28%
Saint Ethanbaron V. Nusjuro
28%
Toko
28%
Chimney
27%
Conis
27%
Higuma
27%
Speed
27%
Douglas Bullet
26%
Pound
26%
Riku Doldo
26%
Sadi
26%
Bogard
25%
Fukaboshi
25%
Lindbergh
25%
Capone Pez
24%
Kumadori
24%
Oimo
24%
Vito
24%
Charlotte Snack
23%
Doll
23%
Jean Bart
23%
Woop Slap
23%
Domino
22%
Elizabello
22%
Squard
22%
Abdullah
21%
Aladine
21%
Blue Gilly
20%
Heat
20%
Limejuice
20%
Shachi
20%
Aisa
19%
Donquixote Mjosgard
19%
Shimotsuki Yasuie
19%
Blamenco
18%
Boo
18%
Doberman
18%
John Giant
18%
Manboshi
18%
Shyarly
18%
Jeet
17%
Kashii
17%
Suleiman
17%
Monster
16%
Wire
16%
Gotti
15%
Holedem
15%
Jarul
15%
Namur
15%
Zepo
15%
Bonk Punch
14%
Prince Grus
14%
Ryuboshi
14%
Sterry
14%
Hagwar D. Sauro
13%
Kouzuki Sukiyaki
13%
Kujaku
13%
Building Snake
12%
Hongo
12%
Curiel
11%
Gab
11%
Goldberg
11%
Jorul
11%
Brannew
10%
Caimie
10%
Colon
10%
Haruta
10%
Saint Rosward
10%
Stansen
10%
Fukurokuju
9%
Hakugan
9%
Tsurujo
9%
Diez Barrels
8%
Speed Jiru
8%
Faust
6%
No matching quizzes found
Score Distribution
Percent of People with Each Score
Percentile by Number Answered
Your Score History
You have not taken this quiz